[Event "Gibraltar Chess Festival 2017 - Masters"]
[Site "Gibraltar ENG"]
[Date "2017.01.28"]
[Round "5.28"]
[White "Womacka, Mathias"]
[Black "Gledura, Benjamin"]
[Result "1-0"]
[WhiteElo "2435"]
[BlackElo "2589"]
[PlyCount "63"]
[EventDate "2017.01.24"]
[EventType "swiss"]
[EventRounds "10"]
[EventCountry "ENG"]
[SourceTitle "Ajedrez en Madrid"]
[Source "lmi"]
[SourceDate "2017.01.24"]

1. e4 c6 2. d4 d5 3. Nd2 g6 4. h3 Bg7 5. Ngf3 e6 6. Bd3 Ne7 7. O-O O-O 8. Re1
b6 9. Nb3 a5 10. a4 Nd7 11. Bf4 Bb7 12. e5 c5 13. Bb5 Nc6 14. Qd2 c4 15. Nc1
Na7 16. Ne2 Bc6 17. Bxc6 Nxc6 18. Nc3 f6 19. exf6 Qxf6 20. Bg5 Qf5 21. Nb5 e5
22. dxe5 Ncxe5 23. Nfd4 c3 24. bxc3 Qf7 25. Nd6 Nc4 26. Nxc4 dxc4 27. Re7 Qd5
28. Ne6 Qxd2 29. Rxg7+ Kh8 30. Bxd2 Nc5 31. Nxc5 Kxg7 32. Ne6+ 1-0

[Event "Gibraltar Chess Festival 2017 - Masters"]
[Site "Gibraltar ENG"]
[Date "2017.01.28"]
[Round "5.29"]
[White "Kaidanov, Gregory S"]
[Black "Wemmers, Xander"]
[Result "1/2-1/2"]
[WhiteElo "2572"]
[BlackElo "2424"]
[PlyCount "59"]
[EventDate "2017.01.24"]
[EventType "swiss"]
[EventRounds "10"]
[EventCountry "ENG"]
[SourceTitle "Ajedrez en Madrid"]
[Source "lmi"]
[SourceDate "2017.01.24"]

1. Nf3 Nf6 2. c4 e6 3. g3 a6 4. e3 d5 5. b3 Be7 6. Bb2 O-O 7. Nc3 c5 8. Bg2 Nc6
9. cxd5 Nb4 10. d4 Nfxd5 11. O-O Nxc3 12. Bxc3 cxd4 13. Bxd4 Bd7 14. a3 Nc6 15.
Bb2 Rc8 16. Nd2 Qc7 17. Rc1 Rfd8 18. Qh5 Qa5 19. Qe2 Qb5 20. Qxb5 axb5 21. b4
e5 22. Ne4 Be6 23. Nc5 Bxc5 24. Rxc5 Bc4 25. Rc1 f6 26. a4 Nxb4 27. Rxc8 Rxc8
28. axb5 Nd3 29. Bxb7 Rb8 30. Rxc4 1/2-1/2

[Event "Gibraltar Chess Festival 2017 - Masters"]
[Site "Gibraltar ENG"]
[Date "2017.01.28"]
[Round "5.30"]
[White "Grigoriants, Sergey"]
[Black "Shvayger, Yuliya"]
[Result "1-0"]
[WhiteElo "2564"]
[BlackElo "2413"]
[PlyCount "75"]
[EventDate "2017.01.24"]
[EventType "swiss"]
[EventRounds "10"]
[EventCountry "ENG"]
[SourceTitle "Ajedrez en Madrid"]
[Source "lmi"]
[SourceDate "2017.01.24"]

1. c4 Nf6 2. Nf3 e6 3. g3 d5 4. Bg2 dxc4 5. Qa4+ Nbd7 6. Qxc4 a6 7. Qc2 c5 8.
Nc3 Be7 9. O-O O-O 10. Rd1 e5 11. a4 Rb8 12. a5 b5 13. axb6 Qxb6 14. d3 Bb7 15.
Nd2 Bxg2 16. Kxg2 Qb7+ 17. e4 Nb6 18. Nc4 Nfd7 19. Kg1 Kh8 20. Ra2 f5 21. exf5
Rxf5 22. Be3 Nd5 23. Nxd5 Qxd5 24. Rxa6 h5 25. Nd2 h4 26. Qc4 Qb7 27. Qe4 Rff8
28. Qxb7 Rxb7 29. Nc4 hxg3 30. hxg3 Bf6 31. Rda1 Rfb8 32. R1a5 Bd8 33. Ra2 Rb3
34. Rd6 Nf6 35. Ra3 R3b5 36. Re6 Ng4 37. Bd2 Bf6 38. f3 1-0

[Event "Gibraltar Chess Festival 2017 - Masters"]
[Site "Gibraltar ENG"]
[Date "2017.01.28"]
[Round "5.31"]
[White "Guerra Rivera, Salvador"]
[Black "Donchenko, Alexander"]
[Result "0-1"]
[WhiteElo "2389"]
[BlackElo "2559"]
[PlyCount "48"]
[EventDate "2017.01.24"]
[EventType "swiss"]
[EventRounds "10"]
[EventCountry "ENG"]
[SourceTitle "Ajedrez en Madrid"]
[Source "lmi"]
[SourceDate "2017.01.24"]

1. e4 c5 2. Nf3 d6 3. d4 cxd4 4. Nxd4 Nf6 5. Nc3 a6 6. Bg5 e6 7. f4 Be7 8. Qf3
Nbd7 9. O-O-O Qc7 10. Bd3 b5 11. Rhe1 Bb7 12. Qg3 b4 13. Nd5 exd5 14. exd5 Kd8
15. Bh4 g6 16. f5 Bxd5 17. fxg6 hxg6 18. Qf4 Rxh4 19. Qxh4 Nc5 20. Nb3 Nfe4 21.
Qh8+ Kd7 22. Nxc5+ Nxc5 23. Qd4 Bxa2 24. Qg4+ f5 0-1

[Event "Gibraltar Chess Festival 2017 - Masters"]
[Site "Gibraltar ENG"]
[Date "2017.01.28"]
[Round "5.32"]
[White "Muzychuk, Anna"]
[Black "Pustovoitova, Daria"]
[Result "1-0"]
[WhiteElo "2558"]
[BlackElo "2407"]
[PlyCount "55"]
[EventDate "2017.01.24"]
[EventType "swiss"]
[EventRounds "10"]
[EventCountry "ENG"]
[SourceTitle "Ajedrez en Madrid"]
[Source "lmi"]
[SourceDate "2017.01.24"]

1. e4 c5 2. Nf3 e6 3. Nc3 a6 4. d4 cxd4 5. Nxd4 Qc7 6. Be2 Nf6 7. O-O d6 8. f4
Be7 9. a4 O-O 10. Be3 Nc6 11. Kh1 Re8 12. Qd2 Rb8 13. a5 Nxd4 14. Bxd4 e5 15.
Bb6 Qc6 16. Ra4 exf4 17. Rc4 Qd7 18. Qxf4 Bd8 19. Rd4 Bxb6 20. axb6 Qe7 21.
Rxd6 Be6 22. e5 Nd7 23. Ne4 h6 24. Bd3 Rbc8 25. h3 Qf8 26. Rf3 Nxe5 27. Qxe5
Bg4 28. Nf6+ 1-0

[Event "Gibraltar Chess Festival 2017 - Masters"]
[Site "Gibraltar ENG"]
[Date "2017.01.28"]
[Round "5.33"]
[White "Mastrovasilis, Athanasios"]
[Black "Docx, Stefan"]
[Result "1/2-1/2"]
[WhiteElo "2551"]
[BlackElo "2405"]
[PlyCount "83"]
[EventDate "2017.01.24"]
[EventType "swiss"]
[EventRounds "10"]
[EventCountry "ENG"]
[SourceTitle "Ajedrez en Madrid"]
[Source "lmi"]
[SourceDate "2017.01.24"]

1. d4 Nf6 2. Nf3 d5 3. c4 c6 4. Nbd2 g6 5. e3 Bg7 6. Be2 O-O 7. O-O c5 8. dxc5
dxc4 9. Bxc4 Nc6 10. Nb3 Qc7 11. Qe2 Na5 12. Bd2 Nxb3 13. Bxb3 Ne4 14. Bb4 a5
15. Ba3 Nxc5 16. Rac1 b6 17. Rfd1 Bb7 18. Bxc5 bxc5 19. Bd5 Rfd8 20. Bxb7 Qxb7
21. b3 a4 22. Rxd8+ Rxd8 23. bxa4 Qb2 24. Qc4 Qb4 25. Qxb4 cxb4 26. a5 Bb2 27.
Rb1 Bc3 28. Nd4 Bxd4 29. exd4 Rxd4 30. Kf1 Rd2 31. Rxb4 Rxa2 32. Rb5 Kg7 33. h4
h6 34. g3 Kf6 35. Kg2 Ra3 36. Kf1 Ra2 37. Kg2 Ra3 38. Rb6+ Kf5 39. a6 h5 40.
Rc6 f6 41. Rc7 Rxa6 42. Rxe7 1/2-1/2

[Event "Gibraltar Chess Festival 2017 - Masters"]
[Site "Gibraltar ENG"]
[Date "2017.01.28"]
[Round "5.34"]
[White "Muzychuk, Mariya"]
[Black "Batchimeg, Tuvshintugs"]
[Result "0-1"]
[WhiteElo "2546"]
[BlackElo "2390"]
[PlyCount "74"]
[EventDate "2017.01.24"]
[EventType "swiss"]
[EventRounds "10"]
[EventCountry "ENG"]
[SourceTitle "Ajedrez en Madrid"]
[Source "lmi"]
[SourceDate "2017.01.24"]

1. d4 Nf6 2. Bg5 e6 3. e4 h6 4. Bxf6 Qxf6 5. Nc3 b6 6. Qd2 Bb7 7. O-O-O g6 8.
f4 Bg7 9. Nf3 a6 10. h4 b5 11. e5 Qe7 12. Bd3 b4 13. Ne4 h5 14. Nfg5 Bd5 15. c4
bxc3 16. Nxc3 Nc6 17. Be4 Bxe4 18. Ngxe4 d5 19. Ng5 Rb8 20. Rh3 Rb4 21. Ne2 Na5
22. Qc2 O-O 23. b3 c5 24. dxc5 Rc8 25. Rc3 Rb5 26. c6 Rxc6 27. Rdd3 Qa3+ 28.
Kd1 Rbc5 29. Nd4 Rc8 30. Rxc5 Rxc5 31. Rc3 Bf8 32. Ndxe6 Rxc3 33. Qxc3 Qxa2 34.
Nd4 Qxg2 35. Ne2 d4 36. Qxa5 d3 37. Qd2 Qf1+ 0-1

[Event "Gibraltar Chess Festival 2017 - Masters"]
[Site "Gibraltar ENG"]
[Date "2017.01.28"]
[Round "5.35"]
[White "Spraggett, Kevin"]
[Black "Milliet, Sophie"]
[Result "1-0"]
[WhiteElo "2542"]
[BlackElo "2387"]
[PlyCount "73"]
[EventDate "2017.01.24"]
[EventType "swiss"]
[EventRounds "10"]
[EventCountry "ENG"]
[SourceTitle "Ajedrez en Madrid"]
[Source "lmi"]
[SourceDate "2017.01.24"]

1. d4 Nf6 2. c4 e6 3. Nf3 d5 4. Nc3 Bb4 5. cxd5 exd5 6. Qa4+ Nc6 7. Bg5 h6 8.
Bxf6 Qxf6 9. e3 O-O 10. Be2 a6 11. O-O Be6 12. Rfc1 Bd6 13. Qd1 Ne7 14. a3 g5
15. Ne1 h5 16. Nd3 g4 17. b4 Nf5 18. g3 Qg5 19. Bf1 h4 20. Ne2 hxg3 21. hxg3
Kg7 22. Nef4 Rh8 23. Bg2 Rh6 24. Qd2 Rah8 25. e4 Nxd4 26. Qe3 Qf6 27. e5 Bxe5
28. Nxe5 Nf5 29. Nxe6+ Qxe6 30. Qg5+ Kh7 31. Rxc7 Rf8 32. Qf4 Nd6 33. Nxg4 Rg6
34. Ne3 d4 35. Qxd4 Nb5 36. Qh4+ Kg7 37. Rc5 1-0

[Event "Gibraltar Chess Festival 2017 - Masters"]
[Site "Gibraltar ENG"]
[Date "2017.01.28"]
[Round "5.36"]
[White "Del Rio De Angelis, Salvador G"]
[Black "Garriga Cazorla, Pere"]
[Result "1/2-1/2"]
[WhiteElo "2527"]
[BlackElo "2386"]
[PlyCount "85"]
[EventDate "2017.01.24"]
[EventType "swiss"]
[EventRounds "10"]
[EventCountry "ENG"]
[SourceTitle "Ajedrez en Madrid"]
[Source "lmi"]
[SourceDate "2017.01.24"]

1. d4 Nf6 2. c4 e6 3. Nc3 Bb4 4. e3 O-O 5. Nf3 d5 6. Be2 b6 7. a3 Bxc3+ 8. bxc3
Ba6 9. cxd5 Bxe2 10. Qxe2 exd5 11. c4 c5 12. Bb2 dxc4 13. Qxc4 Nbd7 14. O-O Rc8
15. Rad1 Qe7 16. Rfe1 Qe4 17. Rc1 Rfe8 18. Qa6 Rc7 19. Nd2 Qh4 20. Nf3 Qe4 21.
Qb5 Rec8 22. Qc4 Qe6 23. Qxe6 fxe6 24. dxc5 Rxc5 25. Nd4 Rxc1 26. Rxc1 Rxc1+
27. Bxc1 Kf7 28. Kf1 e5 29. Nb5 a6 30. Nc7 a5 31. f3 e4 32. Bb2 Ke7 33. Nb5 g6
34. Bd4 Ke6 35. Nc3 exf3 36. gxf3 Nd5 37. Nb5 g5 38. Kf2 N5f6 39. Nc3 g4 40.
Na4 b5 41. Nc5+ Nxc5 42. Bxc5 gxf3 43. Kxf3 1/2-1/2

[Event "Gibraltar Chess Festival 2017 - Masters"]
[Site "Gibraltar ENG"]
[Date "2017.01.28"]
[Round "5.37"]
[White "Lemos, Damian"]
[Black "Mihajlov, Sebastian"]
[Result "1/2-1/2"]
[WhiteElo "2516"]
[BlackElo "2384"]
[PlyCount "79"]
[EventDate "2017.01.24"]
[EventType "swiss"]
[EventRounds "10"]
[EventCountry "ENG"]
[SourceTitle "Ajedrez en Madrid"]
[Source "lmi"]
[SourceDate "2017.01.24"]

1. d4 Nf6 2. Nf3 g6 3. g3 Bg7 4. Bg2 O-O 5. O-O d6 6. c4 Nc6 7. Nc3 Bf5 8. Ne1
Qc8 9. e4 Bh3 10. f3 Bxg2 11. Kxg2 Nd7 12. Be3 Na5 13. b3 c5 14. Nc2 Nc6 15.
Qd2 cxd4 16. Nxd4 Nxd4 17. Bxd4 Bxd4 18. Qxd4 Qc5 19. Qxc5 Nxc5 20. Nd5 e6 21.
Nc3 Rfd8 22. Rfd1 Kf8 23. Rd2 Ke7 24. Rad1 b6 25. Nb5 Nb7 26. f4 a6 27. Nd4
Rac8 28. Kf3 Na5 29. Ke3 Nb7 30. h4 h5 31. Nf3 Na5 32. f5 Nb7 33. fxg6 fxg6 34.
e5 Rc5 35. exd6+ Rxd6 36. Kf4 Rf5+ 37. Ke3 Rc5 38. Kf4 Rf5+ 39. Ke4 Rxd2 40.
Rxd2 1/2-1/2

[Event "Gibraltar Chess Festival 2017 - Masters"]
[Site "Gibraltar ENG"]
[Date "2017.01.28"]
[Round "5.38"]
[White "Narciso Dublan, Marc"]
[Black "Henderson De La Fuente, Lance"]
[Result "1/2-1/2"]
[WhiteElo "2508"]
[BlackElo "2380"]
[PlyCount "44"]
[EventDate "2017.01.24"]
[EventType "swiss"]
[EventRounds "10"]
[EventCountry "ENG"]
[SourceTitle "Ajedrez en Madrid"]
[Source "lmi"]
[SourceDate "2017.01.24"]

1. d4 Nf6 2. c4 e6 3. Nc3 Bb4 4. Nf3 b6 5. Qc2 Bb7 6. a3 Bxc3+ 7. Qxc3 d6 8.
Bg5 h6 9. Bxf6 Qxf6 10. Rc1 c5 11. dxc5 Qxc3+ 12. Rxc3 dxc5 13. e3 Nd7 14. Bd3
Ke7 15. Ke2 Rhd8 16. Rd1 Nf6 17. Ne5 Nd7 18. Nf3 Nf6 19. Ne5 Nd7 20. Nf3 Nf6
21. Ne5 Nd7 22. Nf3 Nf6 1/2-1/2

[Event "Gibraltar Chess Festival 2017 - Masters"]
[Site "Gibraltar ENG"]
[Date "2017.01.28"]
[Round "5.39"]
[White "Aryan, Chopra"]
[Black "Kozak, Adam"]
[Result "1/2-1/2"]
[WhiteElo "2503"]
[BlackElo "2376"]
[PlyCount "81"]
[EventDate "2017.01.24"]
[EventType "swiss"]
[EventRounds "10"]
[EventCountry "ENG"]
[SourceTitle "Ajedrez en Madrid"]
[Source "lmi"]
[SourceDate "2017.01.24"]

1. e4 e5 2. Nf3 Nc6 3. Bb5 a6 4. Ba4 Nf6 5. O-O Be7 6. Re1 b5 7. Bb3 d6 8. c3
O-O 9. h3 Na5 10. Bc2 c5 11. d4 Nd7 12. Nbd2 exd4 13. cxd4 Nc6 14. d5 Nce5 15.
a4 Rb8 16. Nxe5 Nxe5 17. f4 Ng6 18. Nf3 Bh4 19. Rf1 Bg3 20. f5 Ne5 21. axb5
axb5 22. Ng5 h6 23. f6 gxf6 24. Nf3 Kg7 25. Ra3 b4 26. Re3 Rg8 27. Nh2 Kf8 28.
Qh5 Ke7 29. Bd1 Qf8 30. Ng4 Rg5 31. Qxh6 Qxh6 32. Nxh6 Rg6 33. Nf5+ Bxf5 34.
exf5 Rg7 35. b3 Kd7 36. Bb2 Rbg8 37. Re2 Bh4 38. g4 Ra8 39. Bc2 Rgg8 40. Bxe5
dxe5 41. Bd3 1/2-1/2

[Event "Gibraltar Chess Festival 2017 - Masters"]
[Site "Gibraltar ENG"]
[Date "2017.01.28"]
[Round "5.40"]
[White "Tsolakidou, Stavroula"]
[Black "Kollars, Dmitrij"]
[Result "0-1"]
[WhiteElo "2387"]
[BlackElo "2500"]
[PlyCount "72"]
[EventDate "2017.01.24"]
[EventType "swiss"]
[EventRounds "10"]
[EventCountry "ENG"]
[SourceTitle "Ajedrez en Madrid"]
[Source "lmi"]
[SourceDate "2017.01.24"]

1. d4 Nf6 2. c4 e6 3. g3 Bb4+ 4. Nd2 c5 5. a3 Bxd2+ 6. Qxd2 cxd4 7. Nf3 Nc6 8.
Nxd4 Ne5 9. Qb4 d5 10. Nb5 Nc6 11. Qd6 Qxd6 12. Nxd6+ Ke7 13. Nxc8+ Raxc8 14.
Bd2 dxc4 15. Bg2 Rhd8 16. Rc1 b5 17. e3 Ne5 18. Ke2 Nd5 19. Ba5 Rd7 20. Rhd1
Nd3 21. Rc2 Nc5 22. e4 Nf6 23. Rxd7+ Nfxd7 24. Bb4 Ke8 25. Rd2 Nd3 26. Bc3 f6
27. Ke3 N7c5 28. f3 a5 29. Bf1 b4 30. axb4 axb4 31. Bd4 Nb3 32. Rc2 Ne1 33. Re2
Nxd4 34. Kxd4 Nxf3+ 35. Ke3 c3 36. bxc3 Rxc3+ 0-1

[Event "Gibraltar Chess Festival 2017 - Masters"]
[Site "Gibraltar ENG"]
[Date "2017.01.28"]
[Round "5.41"]
[White "Liang, Awonder"]
[Black "Shachar, Ehud"]
[Result "0-1"]
[WhiteElo "2496"]
[BlackElo "2374"]
[PlyCount "80"]
[EventDate "2017.01.24"]
[EventType "swiss"]
[EventRounds "10"]
[EventCountry "ENG"]
[SourceTitle "Ajedrez en Madrid"]
[Source "lmi"]
[SourceDate "2017.01.24"]

1. d4 e6 2. c4 f5 3. g3 Nf6 4. Bg2 Be7 5. Nf3 d5 6. O-O c6 7. Nc3 O-O 8. Qc2
Ne4 9. Bf4 Nd7 10. Rad1 Qe8 11. Ne5 Nd6 12. b3 Nxe5 13. Bxe5 dxc4 14. bxc4 Nxc4
15. Bf4 Bd7 16. e4 g5 17. Bc1 f4 18. Qe2 b5 19. gxf4 gxf4 20. Kh1 e5 21. d5 Kh8
22. Bf3 Qf7 23. Rg1 Bc5 24. dxc6 Bxc6 25. Nd5 Rad8 26. Rg5 Bxd5 27. exd5 Qf6
28. Rh5 Rd7 29. Be4 Rg8 30. Qd3 Bxf2 31. Bxh7 Rg5 32. Rh3 Rdg7 33. Bg6+ Kg8 34.
Rh8+ Kxh8 35. Qh3+ Bh4 36. Be4 Rh5 37. Ba3 Qg5 38. d6 Bf2 39. Qc8+ Rg8 40. d7
Rxh2+ 0-1

[Event "Gibraltar Chess Festival 2017 - Masters"]
[Site "Gibraltar ENG"]
[Date "2017.01.28"]
[Round "5.42"]
[White "Godart, Francois"]
[Black "Bellahcene, Bilel"]
[Result "1-0"]
[WhiteElo "2381"]
[BlackElo "2493"]
[PlyCount "75"]
[EventDate "2017.01.24"]
[EventType "swiss"]
[EventRounds "10"]
[EventCountry "ENG"]
[SourceTitle "Ajedrez en Madrid"]
[Source "lmi"]
[SourceDate "2017.01.24"]

1. d4 Nf6 2. Nf3 c5 3. d5 g6 4. c4 Bg7 5. Nc3 O-O 6. e4 d6 7. h3 e6 8. Bd3 exd5
9. exd5 Re8+ 10. Be3 Rxe3+ 11. fxe3 Qe7 12. O-O Nbd7 13. Qd2 a6 14. a4 Nh5 15.
Qf2 Ne5 16. Be2 Nxf3+ 17. Bxf3 Nf6 18. Qh4 Bd7 19. Rae1 Rb8 20. b3 Re8 21. g4
Nxg4 22. Qxe7 Rxe7 23. Ne4 Nxe3 24. Nxd6 Bd4 25. Kh1 Bxh3 26. Rf2 Rd7 27. Ne4
Bf5 28. Rfe2 Bxe4 29. Bxe4 Ng4 30. Bf3 Nf2+ 31. Kg2 Nd3 32. Re8+ Kg7 33. R1e7
Rd6 34. Rxb7 g5 35. Ree7 Ne5 36. Re6 Rd8 37. Bh5 a5 38. Rbe7 1-0

[Event "Gibraltar Chess Festival 2017 - Masters"]
[Site "Gibraltar ENG"]
[Date "2017.01.28"]
[Round "5.43"]
[White "Batsiashvili, Nino"]
[Black "Derakhshani, Dorsa"]
[Result "1-0"]
[WhiteElo "2492"]
[BlackElo "2370"]
[PlyCount "77"]
[EventDate "2017.01.24"]
[EventType "swiss"]
[EventRounds "10"]
[EventCountry "ENG"]
[SourceTitle "Ajedrez en Madrid"]
[Source "lmi"]
[SourceDate "2017.01.24"]

1. d4 Nf6 2. c4 e6 3. Nf3 b6 4. a3 Bb7 5. Nc3 g6 6. Qc2 c5 7. dxc5 bxc5 8. Bf4
a6 9. Rd1 Nc6 10. e3 Rc8 11. Be2 Bg7 12. O-O O-O 13. Bd6 Ne7 14. Ne5 Re8 15. e4
Bf8 16. Rd2 Ned5 17. Bxf8 Nxc3 18. Qxc3 Rxf8 19. Bf3 Qe7 20. Rfd1 Rfd8 21. Rd6
Rc7 22. Qa5 Rdc8 23. Qe1 Rd8 24. h3 Kg7 25. Qa5 Ne8 26. Ng4 h5 27. Ne3 Rdc8 28.
R6d3 d6 29. Qd2 Rd7 30. Nc2 Kh7 31. e5 d5 32. cxd5 exd5 33. Bxd5 Qxe5 34. Ne3
Rcd8 35. Nc4 Qf6 36. Be4 Rxd3 37. Bxd3 Be4 38. Qe2 Qd4 39. Bc2 1-0

[Event "Gibraltar Chess Festival 2017 - Masters"]
[Site "Gibraltar ENG"]
[Date "2017.01.28"]
[Round "5.44"]
[White "Lazarne Vajda, Szidonia"]
[Black "Krysa, Leandro"]
[Result "0-1"]
[WhiteElo "2364"]
[BlackElo "2491"]
[PlyCount "156"]
[EventDate "2017.01.24"]
[EventType "swiss"]
[EventRounds "10"]
[EventCountry "ENG"]
[SourceTitle "Ajedrez en Madrid"]
[Source "lmi"]
[SourceDate "2017.01.24"]

1. e4 e5 2. Nf3 Nc6 3. Bb5 a6 4. Ba4 Nge7 5. c3 g6 6. d4 exd4 7. cxd4 b5 8. Bc2
Bg7 9. d5 Nb4 10. Bb3 a5 11. a3 Na6 12. d6 cxd6 13. Qxd6 Qc7 14. Qxc7 Nxc7 15.
Nc3 Bb7 16. Bf4 b4 17. axb4 axb4 18. Rxa8+ Bxa8 19. Nd1 Ne6 20. Bd6 Bxe4 21.
Bxb4 Bxf3 22. gxf3 Nd4 23. Ba4 Nd5 24. Bc5 Nxf3+ 25. Ke2 Ne5 26. Kd2 Kd8 27.
Bb3 Nf4 28. Nc3 Kc7 29. Be3 Rb8 30. Kc2 Ne6 31. Ra1 Nc6 32. Bc4 Kd8 33. Rd1 Be5
34. h4 Rb4 35. Bd5 Ke8 36. h5 gxh5 37. Rg1 Rg4 38. Rh1 Nb4+ 39. Kc1 Nxd5 40.
Nxd5 Rc4+ 41. Kd2 Bxb2 42. Rxh5 Rc6 43. Rxh7 Rd6 44. Kc2 Rxd5 45. Kxb2 Ra5 46.
Kb3 Ke7 47. Kb4 Ra8 48. Kc4 Ra4+ 49. Kb3 Re4 50. Rh5 Kd6 51. Rf5 Ke7 52. Kc3
Ra4 53. Kd3 Ra3+ 54. Ke4 Rb3 55. Re5 f6 56. Ra5 Nc7 57. Rc5 Kd6 58. Rc1 Ne6 59.
Rd1+ Ke7 60. Rd5 Rb4+ 61. Kf3 Rc4 62. Rh5 Nc7 63. Bb6 Ke6 64. Bxc7 Rxc7 65. Rh1
d5 66. Re1+ Kf5 67. Re8 Rc3+ 68. Ke2 Kf4 69. Rd8 Rc2+ 70. Ke1 Rc5 71. Ke2 f5
72. Rd7 Ra5 73. Rd8 Ra2+ 74. Ke1 Kf3 75. Rxd5 Ra1+ 76. Kd2 f4 77. Rf5 Rf1 78.
Rf8 Rxf2+ 0-1

[Event "Gibraltar Chess Festival 2017 - Masters"]
[Site "Gibraltar ENG"]
[Date "2017.01.28"]
[Round "5.45"]
[White "Steinberg, Nitzan"]
[Black "Welling, Gerard"]
[Result "1-0"]
[WhiteElo "2486"]
[BlackElo "2314"]
[PlyCount "43"]
[EventDate "2017.01.24"]
[EventType "swiss"]
[EventRounds "10"]
[EventCountry "ENG"]
[SourceTitle "Ajedrez en Madrid"]
[Source "lmi"]
[SourceDate "2017.01.24"]

1. e4 e5 2. Nf3 Nc6 3. Bb5 f5 4. d3 Nf6 5. O-O Bc5 6. exf5 O-O 7. Be3 Nd4 8.
Ba4 Nxf3+ 9. Qxf3 Be7 10. Bb3+ d5 11. Bg5 c6 12. Re1 a5 13. Nc3 Bd6 14. a4 Kh8
15. Bh4 Bd7 16. Re2 Qc8 17. g4 g6 18. fxg6 Nxg4 19. Qg2 hxg6 20. f3 Nf6 21.
Qxg6 Bc5+ 22. Kh1 1-0

[Event "Gibraltar Chess Festival 2017 - Masters"]
[Site "Gibraltar ENG"]
[Date "2017.01.28"]
[Round "5.46"]
[White "Sahl, Bjarke"]
[Black "Santos Ruiz, Miguel"]
[Result "1/2-1/2"]
[WhiteElo "2363"]
[BlackElo "2484"]
[PlyCount "62"]
[EventDate "2017.01.24"]
[EventType "swiss"]
[EventRounds "10"]
[EventCountry "ENG"]
[SourceTitle "Ajedrez en Madrid"]
[Source "lmi"]
[SourceDate "2017.01.24"]

1. d4 Nf6 2. c4 e6 3. Nf3 d5 4. Nc3 c6 5. e3 Nbd7 6. Bd3 dxc4 7. Bxc4 b5 8. Bd3
a6 9. a4 b4 10. Ne4 c5 11. O-O Bb7 12. Nxf6+ Nxf6 13. Qe2 cxd4 14. Rd1 Bd6 15.
exd4 h6 16. Ne5 O-O 17. Bf4 Qa5 18. Nc4 Qd5 19. Ne3 Qc6 20. Be5 Nd5 21. Rac1
Qd7 22. Nxd5 Bxd5 23. Bxa6 Bxe5 24. dxe5 Qxa4 25. Bc4 Bxc4 26. Qxc4 Rac8 27.
Qe2 Qb3 28. Rxc8 Rxc8 29. h3 g6 30. Rd2 Kg7 31. Kh2 Rc5 1/2-1/2

[Event "Gibraltar Chess Festival 2017 - Masters"]
[Site "Gibraltar ENG"]
[Date "2017.01.28"]
[Round "5.47"]
[White "Salomon, Johan"]
[Black "Vuilleumier, Alexandre"]
[Result "1-0"]
[WhiteElo "2470"]
[BlackElo "2347"]
[PlyCount "91"]
[EventDate "2017.01.24"]
[EventType "swiss"]
[EventRounds "10"]
[EventCountry "ENG"]
[SourceTitle "Ajedrez en Madrid"]
[Source "lmi"]
[SourceDate "2017.01.24"]

1. c4 e5 2. g3 g6 3. Bg2 Bg7 4. Nc3 Ne7 5. Nf3 c5 6. O-O O-O 7. a3 Nbc6 8. Ne1
d6 9. Nc2 Be6 10. Ne3 Qd7 11. Rb1 Bh3 12. b4 Bxg2 13. Kxg2 f5 14. Ned5 Nxd5 15.
Nxd5 Ne7 16. Nxe7+ Qxe7 17. bxc5 dxc5 18. d3 e4 19. Qc2 exd3 20. Qxd3 Rad8 21.
Qe3 Qf7 22. Qxc5 b6 23. Qb5 Rc8 24. Rd1 Qxc4 25. Qxc4+ Rxc4 26. Bf4 Re8 27. e3
Bf6 28. Rb3 g5 29. Bd6 Rd8 30. Rbd3 a5 31. Rd5 Rc6 32. Be5 Rxd5 33. Rxd5 Kf7
34. Bxf6 Kxf6 35. Rb5 h6 36. a4 Kg7 37. h4 Rc4 38. hxg5 hxg5 39. Rxf5 Rxa4 40.
Rxg5+ Kf6 41. f4 Rb4 42. Rg8 Rb1 43. g4 a4 44. Ra8 b5 45. Ra6+ Kg7 46. g5 1-0

[Event "Gibraltar Chess Festival 2017 - Masters"]
[Site "Gibraltar ENG"]
[Date "2017.01.28"]
[Round "5.48"]
[White "Papp, Petra"]
[Black "Riff, Jean-Noel"]
[Result "1-0"]
[WhiteElo "2352"]
[BlackElo "2468"]
[PlyCount "101"]
[EventDate "2017.01.24"]
[EventType "swiss"]
[EventRounds "10"]
[EventCountry "ENG"]
[SourceTitle "Ajedrez en Madrid"]
[Source "lmi"]
[SourceDate "2017.01.24"]

1. e4 c5 2. Nf3 e6 3. d4 cxd4 4. Nxd4 Nf6 5. Nc3 d6 6. g4 h6 7. h4 e5 8. Nf5
Nc6 9. h5 Be6 10. Bg2 Rc8 11. Nd5 Bxd5 12. exd5 Ne7 13. Ne3 g5 14. hxg6 Nxg6
15. Nf5 Rc4 16. Bf3 Qc8 17. c3 h5 18. Ne3 Rf4 19. gxh5 Nh4 20. Be2 Rg8 21. Bb5+
Kd8 22. Be2 Ne4 23. f3 Ng5 24. Rf1 Qh3 25. Kd2 Ngxf3+ 26. Kc2 Nh2 27. Rg1 Rh8
28. Kb3 N4f3 29. Rh1 Rxh5 30. Rxh2 Qxh2 31. Bxf3 Rh3 32. Nf1 Qf2 33. Bxf4 exf4
34. Bg4 Qb6+ 35. Kc2 Rh4 36. Qe2 Bg7 37. Bf3 Be5 38. Nd2 Qa5 39. a4 Rh3 40. Qb5
Qc7 41. a5 Bd4 42. Qc4 Be3 43. Qxc7+ Kxc7 44. Rh1 Rg3 45. Rf1 f5 46. Nc4 Bg1
47. b4 b6 48. axb6+ axb6 49. Na3 Kd7 50. Nb5 Ke7 51. Nd4 1-0

[Event "Gibraltar Chess Festival 2017 - Masters"]
[Site "Gibraltar ENG"]
[Date "2017.01.28"]
[Round "5.49"]
[White "Almagro Llamas, Pablo"]
[Black "Tate, Alan"]
[Result "1/2-1/2"]
[WhiteElo "2466"]
[BlackElo "2309"]
[PlyCount "120"]
[EventDate "2017.01.24"]
[EventType "swiss"]
[EventRounds "10"]
[EventCountry "ENG"]
[SourceTitle "Ajedrez en Madrid"]
[Source "lmi"]
[SourceDate "2017.01.24"]

1. d4 d5 2. c4 c6 3. Nf3 Nf6 4. e3 Bg4 5. Nc3 e6 6. h3 Bh5 7. g4 Bg6 8. Ne5
Nbd7 9. Nxg6 hxg6 10. g5 Ng8 11. h4 Ne7 12. Qg4 Nf5 13. Bd2 Bb4 14. O-O-O Qb6
15. Kb1 O-O-O 16. Rc1 Kb8 17. c5 Qa5 18. Qf4+ Kc8 19. Bd3 Bxc3 20. Rxc3 Rh7 21.
e4 dxe4 22. Bxe4 Qc7 23. Qxc7+ Kxc7 24. Bf4+ Kc8 25. Bxf5 exf5 26. d5 cxd5 27.
c6 Nb6 28. cxb7+ Kxb7 29. Rc7+ Ka6 30. Rh3 Nc4 31. a4 Nb6 32. a5 Nc4 33. Rb3
Nxa5 34. Ra3 Kb5 35. Rxf7 Nc4 36. Raxa7 Rxh4 37. Bc1 Rh1 38. Rfc7 Re8 39. b3
Na5 40. Ka2 Re2+ 41. Ka3 Rd1 42. Rc8 Nc6 43. Rb7+ Ka6 44. Rbc7 Rxc1 45. Rxc6+
Rxc6 46. Rxc6+ Kb5 47. Rxg6 Rxf2 48. Rxg7 Rg2 49. g6 Kc5 50. Rf7 Rxg6 51. Rxf5
Kd4 52. Rf8 Kc3 53. Rc8+ Kd3 54. b4 d4 55. b5 Ke2 56. Re8+ Kd1 57. Kb4 d3 58.
Rd8 Kc2 59. Ka5 d2 60. b6 d1=Q 1/2-1/2